LEADER 02121nam 2200505 450 001 9910466262203321 005 20211213041543.0 010 $a0-19-105818-1 010 $a0-19-191686-2 010 $a0-19-105817-3 010 $a0-19-873826-9 010 $a9780191058189 035 $a(CKB)3810000000130457 035 $a(MiAaPQ)EBC5891928 035 $a(StDuBDS)EDZ0002341537 035 $a(EXLCZ)993810000000130457 100 $a20200915e20202016 fy| 0 101 0 $aeng 135 $aurcnu|||||||| 181 $ctxt$2rdacontent 182 $cc$2rdamedia 183 $acr$2rdacarrier 200 10$aEssentials of dental caries /$fEdwina A. Kidd, Ole Fejerskov 205 $a4th edition. 210 1$aOxford :$cOxford University Press,$d2020. 215 $a1 online resource (xii, 196 pages) $cillustrations (chiefly color) 225 1 $aOxford scholarship online 300 $aThis edition previously issued in print: 2016. 320 $aIncludes bibliographical references and index. 327 $a1. Introduction -- 2. How does a caries lesion develop? -- 3. Detection, diagnosis, and recording in the clinic -- 4. Control of caries lesion development and progression -- 5. When should a dentist restore a cavity? -- 6. Communicating with the patient and trying to influence behaviour -- 7. Caries control for the patients with active lesions -- 8. Caries control in populations 330 8 $aThe causes of dental decay (caries) and the means of diagnosing, preventing and treating the problem as soon as possible are dealt with from both a scientific and practical way in this textbook for dental workers, educationalists and therapists. 410 0$aOxford scholarship online. 606 $aDental caries 606 $aDental caries$xPrevention 615 0$aDental caries. 615 0$aDental caries$xPrevention. 676 $a617.67 700 $aKidd$b Edwina A. M.$0940433 702 $aFejerskov$b Ole 801 0$bStDuBDS 801 1$bStDuBDS 801 2$bQCQU 912 $a9910466262203321 996 $aEssentials of dental caries$92120761 997 $aUNINA LEADER 01505nam 2200469 450 001 9910671414603321 010 $a958-738-668-X 035 $a(CKB)3710000000837430 035 $a(MiAaPQ)EBC4776469 035 $a(OCoLC)992092969 035 $a(FlNmELB)ELB69707 035 $a(EXLCZ)993710000000837430 100 $a20170309d2015 uy 0 101 0 $aspa 135 $aurcnu|||||||| 181 $2rdacontent 182 $2rdamedia 183 $2rdacarrier 200 10$aDrogas, bandidos y diploma?ticos $eformulacio?n de poli?tica pu?blica de Estados Unidos hacia Colombia /$fWinifred Tate 210 1$aBogota? :$cEditorial Universidad del Rosario,$d[2015] 215 $a1 online resource (x, 307 pa?ginas) 225 1 $aColeccio?n Textos de Ciencias Humanas 300 $aContiene i?ndice. 311 $a958-738-667-1 320 $aContiene bibliografi?a. 410 0$aColeccio?n Textos de Ciencias Humanas. 517 3 $aBandidos y diploma?ticos 606 $aDrug control$zColombia 606 $aControl de drogas$zColombia 607 $aColombia$xPolitics and government 607 $aColombia$xPoli?tica y gobierno 608 $aLibros electronicos. 615 0$aDrug control 615 4$aControl de drogas 676 $a363.4509861 700 $aTate$b Winifred$01074583 801 0$bFINmELB 801 1$bFINmELB 906 $aBOOK 912 $a9910671414603321 996 $aDrogas, bandidos y diploma?ticos$93052053 997 $aUNINA